书目信息 |
| 题名: |
自密实混凝土技术手册
|
|
| 作者: | 曾冲盛 , 桂苗苗 , 李晓斌 主编 ;厦门市建筑科学研究院集团股份公司 编著 | |
| 分册: | ||
| 出版信息: | 北京 中国建筑工业出版社 2014.10 |
|
| 页数: | 11, 375页 | |
| 开本: | 21cm | |
| 丛书名: | ||
| 单 册: | ||
| 中图分类: | TU528-62 , TU528 | |
| 科图分类: | ||
| 主题词: | 混凝土--hun ning tu--技术手册 | |
| 电子资源: | ||
| ISBN: | 978-7-112-16315-1 | |
| 000 | 01231nam0 2200289 450 | |
| 001 | CAL 0120141424375 | |
| 005 | 20240506152457.81 | |
| 010 | @a978-7-112-16315-1@dCNY29.00 | |
| 100 | @a20150624d2014 em y0chiy50 ea | |
| 101 | 0 | @achi |
| 102 | @aCN@b110000 | |
| 105 | @aak a 000yy | |
| 200 | 1 | @a自密实混凝土技术手册@Azi mi shi hun ning tu ji shu shou ce@f厦门市建筑科学研究院集团股份有限公司编著 |
| 210 | @a北京@c中国建筑工业出版社@d2014.10 | |
| 215 | @a11, 375页@c图@d21cm | |
| 314 | @a书内题: 李晓斌, 曾冲盛, 桂苗苗主编 | |
| 320 | @a有书目 (第368-375页) | |
| 330 | @a本书由现行行业标准《自密实混凝土应用技术规程》JGJ/T283-2012主编单位编写, 结合我国应用实践, 详细解读了自密实混凝土, 具体包括: 原材料要求、生产与制备、配合比设计、工作性能、力学性能与耐久性能、施工关键技术、实用案例、专项施工方案等。 | |
| 606 | 0 | @a混凝土@Ahun ning tu@j技术手册 |
| 690 | @aTU528-62@v5 | |
| 690 | @aTU528@v4 | |
| 701 | 0 | @a曾冲盛@Azeng chong sheng@4主编 |
| 701 | 0 | @a桂苗苗@Agui miao miao@4主编 |
| 701 | 0 | @a李晓斌@Ali xiao bin@4主编 |
| 712 | 02 | @a厦门市建筑科学研究院集团股份公司@Axia men shi jian zhu ke xue yan jiu yuan ji tuan gu fen gong si@4编著 |
| 801 | 0 | @aCN@b河南城建学院图书馆@c20150624 |
| 905 | @dTU528@eX236@f3 | |
| 自密实混凝土技术手册/厦门市建筑科学研究院集团股份有限公司编著.-北京:中国建筑工业出版社,2014.10 |
| 11, 375页:图;21cm |
| ISBN 978-7-112-16315-1:CNY29.00 |
| 本书由现行行业标准《自密实混凝土应用技术规程》JGJ/T283-2012主编单位编写, 结合我国应用实践, 详细解读了自密实混凝土, 具体包括: 原材料要求、生产与制备、配合比设计、工作性能、力学性能与耐久性能、施工关键技术、实用案例、专项施工方案等。 |
| ● |
| 相关链接 |
|
|
|
正题名:自密实混凝土技术手册
索取号:TU528/X236
 
预约/预借
| 序号 | 登录号 | 条形码 | 馆藏地/架位号 | 状态 | 备注 |
| 1 | 1139643 | 211396434 | 建筑库201/201建筑库 7排3列2层/ [索取号:TU528/X236] | 在馆 | |
| 2 | 1139644 | 211396443 | 建筑库201/201建筑库 7排3列2层/ [索取号:TU528/X236] | 在馆 | |
| 3 | 1139645 | 211396452 | 建筑库201/201建筑库 7排3列2层/ [索取号:TU528/X236] | 在馆 | |
| 4 | 1307223 | 213072235 | 建筑库201/201建筑库 7排3列2层/ [索取号:TU528/X236] | 在馆 | |
| 5 | 1307224 | 213072244 | 建筑库201/201建筑库 7排3列2层/ [索取号:TU528/X236] | 在馆 | |
| 6 | 1307225 | 213072253 | 建筑库201/201建筑库 7排3列2层/ [索取号:TU528/X236] | 在馆 | |
| 7 | 1519219 | 215192191 | 建筑库201/201建筑库 7排3列2层/ [索取号:TU528/X236] | 在馆 | |
| 8 | 1519220 | 215192208 | 建筑库201/201建筑库 7排3列2层/ [索取号:TU528/X236] | 在馆 | |
| 9 | 1519221 | 215192217 | 建筑库201/201建筑库 7排3列2层/ [索取号:TU528/X236] | 在馆 |